| 000 | 01390cam a22003614a 4500 | ||
|---|---|---|---|
| 999 |
_c533355 _d533355 |
||
| 001 | 14164006 | ||
| 003 | OSt | ||
| 005 | 20191226134726.0 | ||
| 008 | 051102s2005 nyuab 000 0 eng | ||
| 010 | _a 2005054838 | ||
| 020 | _a9780385513111 | ||
| 020 | _a0385513119 | ||
| 035 | _a(DLC)2005054838 | ||
| 035 | _a(DLC)1626 | ||
| 038 | _aMSOHAIL | ||
| 040 |
_aDLC _cDLC _dDLC |
||
| 042 | _apcc | ||
| 043 |
_aa-ir--- _ae-gr--- |
||
| 050 | 0 | 0 |
_aDS281 _b.H65 2005 |
| 082 | 0 | 0 |
_a935.05 _222 _bHOL 2005 |
| 100 | 1 |
_aHolland, Tom. _927190 |
|
| 245 | 1 | 0 |
_aPersian fire : _bthe first world empire and the battle for the West / _cTom Holland. |
| 260 |
_aNew York : _bDoubleday, _cc2005. |
||
| 300 |
_axxiii, 418 p. : _bill., maps ; _c25 cm. |
||
| 651 | 0 |
_aIran _xHistory _yTo 640. _927191 |
|
| 651 | 0 |
_aGreece _xHistory _yPersian Wars, 500-449 B.C. _927192 |
|
| 856 | 4 | 2 |
_3Contributor biographical information _uhttp://www.loc.gov/catdir/enhancements/fy0625/2005054838-b.html |
| 856 | 4 | 2 |
_3Publisher description _uhttp://www.loc.gov/catdir/enhancements/fy0625/2005054838-d.html |
| 856 | 4 | 1 |
_3Sample text _uhttp://www.loc.gov/catdir/enhancements/fy0643/2005054838-s.html |
| 906 |
_a7 _bcbc _corignew _d1 _eocip _f20 _gy-gencatlg |
||
| 942 |
_2ddc _cBK |
||